000 00937nam a22001937a 4500
999 _c62016
_d62016
003 Ge_BSU
005 20240624111938.0
008 240624s1935 ge ||||| |||| 00| 0 geo d
041 _ageo
080 _a616-091(075.32) ხ-46
100 _aხეჩინიშვილი, გ.გ.
_922543
245 _aპათოლოგიური ანატომიის და ზოგადი პათოლოგიის მოკლე სახელმძღვანელო :
_cგ.გ. ხეჩინიშვილი; რედ. ლ. შარაშიძე.
264 _bაჭარისტანის სახელგამი,
_c1935.
300 _a44 გვ. ;
_b23 სმ.
653 _aპათოლოგიური ანატომია
653 _aზოგადი პათოლოგია
700 _aშარაშიძე, ლ.
_eრედაქტორი
_97534
942 _2udc
_cBK